Tuyển tập các thiết kế và trang trí bằng gỗ = The best collection of wood designs

Сохранить в:
Библиографические подробности
Формат:
Язык:Undetermined
Опубликовано: Thành phố Hồ Chí Minh Trẻ 2004
Предметы:
Метки: Добавить метку
Нет меток, Требуется 1-ая метка записи!
Thư viện lưu trữ: Trung tâm Học liệu Trường Đại học Cần Thơ
LEADER 00596nam a2200193Ia 4500
001 CTU_64704
008 210402s9999 xx 000 0 und d
020 |b 64000 
082 |a 684.104 
082 |b T527/T.1 
245 0 |a Tuyển tập các thiết kế và trang trí bằng gỗ = 
245 4 |b The best collection of wood designs 
245 0 |c First News (biên dịch) 
260 |a Thành phố Hồ Chí Minh 
260 |b Trẻ 
260 |c 2004 
650 |a Wood products,Furniture 
904 |i Minh 
980 |a Trung tâm Học liệu Trường Đại học Cần Thơ